Gaming Quiz

Random Gaming or Minecraft Quiz
Score 0/23 Timer 05:00
0 Plays Today
Description Biome % Correct
Sandy, dry biome with lots of cacti Desert
94.5%
Biome with lots of treesForest
83.6%
Sandy biome near waterBeach
82.8%
A difficult to navigate biome with tall trees and bushes in addition to normal trees. Also kitties!Jungle
82%
Evil fiery dimension with fortresses and a lava oceanHell
80.5%
Huge expanse of water. Bring a boatOcean
78.9%
A flat and treeless biomePlains
77.3%
Another biome/dimension, contains the ender dragon. Be glad I'm not forcing you to give me the ID name Sky
73.4%
Mountains that can reach into the clouds. Also, emeraldsExtreme Hills
71.1%
Forest of birch treesBirch Forest
70.3%
An island biome with mycelium instead of grass, and lots of mushroomsMushroom Island
69.5%
A rare biome of red sand and terracottaMesa
69.5%
Description Biome % Correct
The slime biome. Need I say more?Swampland
68.8%
A flat biome with a forest of spruce trees. A popular wolf hangout spotTaiga
67.2%
A flat and dry biome with horses AND llamas. And acacia treesSavanna
67.2%
Water that separates other biomesRiver
63.3%
Forest with flowersFlower Forest
60.9%
Snowy biome with tall spikes of packed iceIce Spikes
57%
A flat, snowy biome with few trees. But it does have igloos!Ice Plains
43.8%
A thick forest of dark oak trees and a few giant mushroomsRoofed Forest
42.2%
A mesa variant with long, flat hills (the long, flat hills have a name)Plateau
36.7%
A relatively flat biome with a few smaller jungle treesJungle Edge
26.6%
A beach that spawns between extreme hills and the oceanStone Beach
24.2%
Remove Ads.
Support Sporcle.
Get the best of Sporcle when you Go Orange. This ad-free experience offers more features, more stats, and more fun while also helping to support Sporcle. Thank you for becoming a member.

You're not logged in!

Compare scores with friends on all Sporcle quizzes.
OR
Log In

Sporcle TV

Today on Sporcle TV


Watch our educational content, quiz creation guides, and fun videos on Sporcle TV.

Show Comments

Extras

Top Quizzes Today


Score Distribution

Paid Content

Your Account Isn't Verified!

In order to create a playlist on Sporcle, you need to verify the email address you used during registration. Go to your Sporcle Settings to finish the process.

Report this User

Report this user for behavior that violates our Community Guidelines.

Details: